|
|
|
|
| LEADER |
00000nam2a2200000 4500 |
| 001 |
286134 |
| 005 |
20231101235849.0 |
| 010 |
|
|
|a 5020007560
|
| 035 |
|
|
|a (RuTPU)RU\TPU\book\310427
|
| 035 |
|
|
|a RU\TPU\book\270859
|
| 090 |
|
|
|a 286134
|
| 100 |
|
|
|a 20150303d1985 k y0rusy50 ca
|
| 101 |
0 |
|
|a rus
|
| 102 |
|
|
|a RU
|
| 105 |
|
|
|a a z 000zy
|
| 200 |
0 |
|
|a Вып. 44
|f отв. ред. Е. Л. Кринов
|
| 210 |
|
|
|d 1985
|
| 215 |
|
|
|a 184 с.
|c ил.
|
| 461 |
|
1 |
|0 (RuTPU)RU\TPU\book\211571
|t Метеоритика
|o сборник статей
|f Академия наук СССР (АН СССР), Комитет по метеоритам
|v Вып. 44
|d 1941-1990
|
| 606 |
1 |
|
|a Метеориты
|2 stltpush
|3 (RuTPU)RU\TPU\subj\72118
|9 85704
|
| 610 |
1 |
|
|a космогония
|
| 610 |
1 |
|
|a радиационные исследования
|
| 610 |
1 |
|
|a вещественный состав
|
| 610 |
1 |
|
|a метеоритные кратеры
|
| 610 |
1 |
|
|a кометы
|
| 610 |
1 |
|
|a ядра
|
| 610 |
1 |
|
|a космическое вещество
|
| 610 |
1 |
|
|a хондриты
|
| 610 |
1 |
|
|a ахондриты
|
| 610 |
1 |
|
|a поиски
|
| 610 |
1 |
|
|a диагностика
|
| 610 |
1 |
|
|a импактные структуры
|
| 610 |
1 |
|
|a Сибирская платформа
|
| 675 |
|
|
|a 523.681
|v 4
|
| 702 |
|
1 |
|a Кринов
|b Е. Л.
|4 340
|
| 801 |
|
1 |
|a RU
|b 63413507
|c 20140110
|
| 801 |
|
2 |
|a RU
|b 63413507
|c 20170628
|g RCR
|
| 942 |
|
|
|c BK
|